00326nam a2200109Ia 4500008004100000082001500041100002000056245004900076260002700125630001800152650004600170211109s9999||||xx |||||||||||||| ||und|| a545bVOG-T aVogel, Arthur I 0aText Book of Quantitative Inorganic Analysis bLongmansaLondonc2000 xGeneral Stack aChemistryvInorganic ChemistryxChemistry